000 00686nam a2200289Ia 4500
005 20260324123320.0
008 008 260324s9999 xx 000 0 eng d
020 _a9781315594521
037 _aEBOOK
040 _aCRL
040 _beng
040 _cCRL
041 _2eng
041 _aeng
084 _qCRL
100 _aAlice Mattoni
_91169845
245 0 _aMedia Practices and Protest Politics
245 0 _bHow Precarious Workers Mobilise
260 _bTaylor and Francis
260 _c2012
365 _a
365 _b255
856 _uhttp://www.taylorfrancis.com/books/9781315594521
942 _cEBOOK
999 _c1763259
_d1763259